[Event "EU-chT (Men) 13th"]
[Site "Leon"]
[Date "2001.11.06"]
[Round "1.1"]
[White "Fedorov, Alexei"]
[Black "David, Alberto"]
[Result "1-0"]
[WhiteElo "2599"]
[BlackElo "2522"]
[Annotator "Gofshtein,L"]
[PlyCount "59"]
[EventDate "2001.11.06"]
[EventType "team-swiss"]
[EventRounds "9"]
[EventCountry "ESP"]
[SourceTitle "CBM 086"]
[Source "ChessBase"]
[SourceDate "2002.02.05"]
[SourceVersion "1"]
[SourceVersionDate "2002.02.05"]
[SourceQuality "1"]
[WhiteTeam "Belarus"]
[BlackTeam "Luxembourg"]
[WhiteTeamCountry "BLR"]
[BlackTeamCountry "LUX"]

1. e4 d6 2. d4 Nf6 3. Bd3 {White doesn't block c-pawn after this move.} e5 4.
c3 d5 $5 {Black begins immediate attack on White's center.} 5. dxe5 Nxe4 6. Nf3
Nc5 {Deserves attention to keep the knight in the center by:} (6... Nc6 $5 7.
Qe2 (7. Nbd2 Nc5 8. Bb1 (8. Bc2 Bg4 9. Nb3 Ne6 10. Qe2 Be7 $11 {1/2-1/2 Bozic,
M-Zimmerman,Y2000}) 8... Bg4 9. O-O Be7 10. Re1 Qd7 11. Qc2 Ne6 12. Qd3 $132 {
1-0 Fedorov,A-Agrest ,2001}) (7. O-O Bg4 8. Qe2 Nc5 9. Bb5 a6 10. Bxc6+ bxc6
11. Rd1 Ne6 12. h3 Bh5 $11 {0-1 Yegorov,-Oratovsky,2001}) 7... Nc5 8. Bc2 Bg4
9. O-O (9. Bf4 d4 $132 {0-1 Diana,R-Sarno, 2000}) 9... Qd7 10. h3 Bh5 11. Re1
d4 12. Rd1 O-O-O 13. cxd4 Bxf3 14. Qxf3 Nxd4 $17 {0-1 Bastian,H-Lobron,E 2001})
7. Bc2 Bg4 8. Bf4 (8. O-O Nc6 9. Re1 Qd7 10. Nbd2 d4 $132 {1-0 Handke,
F-Bergstrom,R 2001}) 8... Nc6 9. Nbd2 {This position is similar to open
variation of the Ruy Lopez;} d4 {This breakthrough in the center is tipical
for that type of the position} 10. O-O Bh5 $6 {[%mdl 32] Black could play10.
Qd7,trying to finish the development of his pieces;} (10... Qd7 $5 11. h3 (11.
cxd4 Nxd4 12. Be3 Nxc2 13. Qxc2 Bf5 $132) (11. Qb1 d3 12. Bd1 O-O-O $132) 11...
Bf5 12. cxd4 Nxd4 13. Bxf5 Nxf5) 11. Qb1 Bg6 $6 {[%mdl 32] Black loses time,
probably better would be 11...Ne6 12.Bg3 Bc5} (11... d3 12. Bd1 Be7 13. b4 Ne6
14. Be3 $14) (11... Ne6 12. Bg3 Bc5 13. Be4 Bg6 14. Rd1 $14) 12. Bxg6 hxg6 13.
Rd1 dxc3 (13... Ne6 14. Bg3 Qd5 (14... Qe7 15. Nb3 dxc3 16. bxc3 Rd8 17. Qc2
$16) 15. Nb3 O-O-O 16. Nbxd4 Ncxd4 17. Nxd4 $16) 14. Ne4 $5 $16 Qc8 15. Nxc3 (
15. bxc3 $5 $16 {[%cal Yb1b7] 15.bc was may be better, opening b-file for his
pieces}) 15... Qf5 16. Be3 Ne6 17. a3 Rh5 18. Rd5 Qxb1+ 19. Rxb1 $14 {[%mdl
4096]} Ne7 20. Rdd1 Nc6 21. g4 {White keeps the pressure on black's position}
Rh3 $6 (21... Rh8) 22. Kg2 Rxf3 {[%mdl 512] Black doesn't get safficient
counterplay for the exchange; 21.Rh8 could be more persistent.} 23. Kxf3 Nxe5+
24. Kg3 Nc4 25. Bc1 Bd6+ 26. Kg2 Be5 27. Ne2 g5 28. b3 $16 {White has achieved
of a clear advantage.} Nd6 29. Bb2 Bxb2 30. Rxb2 {... Probably black had lost
on time here, but, anyway, white had a big advantage in the ending.} 1-0

[Event "Governor's Cup 2nd"]
[Site "Kramatorsk"]
[Date "2001.11.19"]
[Round "6"]
[White "Miroshnichenko, Evgenij"]
[Black "Komliakov, Viktor"]
[Result "1/2-1/2"]
[WhiteElo "2545"]
[BlackElo "2494"]
[Annotator "Gofshtein,L"]
[PlyCount "86"]
[EventDate "2001.11.16"]
[EventType "tourn"]
[EventRounds "14"]
[EventCountry "UKR"]
[EventCategory "10"]
[SourceTitle "CBM 086"]
[Source "ChessBase"]
[SourceDate "2002.02.05"]
[SourceVersion "1"]
[SourceVersionDate "2002.02.05"]
[SourceQuality "1"]

1. e4 d6 2. d4 Nf6 3. f3 e5 {White has another options in this position:} (3...
c5 $5 4. d5 a6 5. a4 e6 6. c4 exd5 7. cxd5 Be7 8. Ne2 O-O 9. Nec3 Nh5 10. Bd3
$13 {1/2:1/2,Marin,M-Moldovan, 1993}) (3... d5 4. e5 Nfd7 5. c4 $6 (5. Be3 $5)
5... dxc4 6. Bxc4 e6 7. f4 c5 $132) (3... Nbd7 4. c4 e5 5. d5 Be7 6. Nc3 (6.
Be3 $142 Nh5 7. Qd2 $14) 6... Nh5 7. Be3 Bg5 8. Qd2 (8. Bf2 $5 $13) 8... Bxe3
9. Qxe3 g6 10. O-O-O f5 $5 11. exf5 gxf5 12. Nge2 Ndf6 13. f4 O-O 14. h3 Qe8
15. Qf3 Bd7 16. Rg1 Kh8 17. g3 a6 18. Bg2 b5 $36 {Pelletier,Y-Conquest,S,Bern
op 1993}) 4. d5 Be7 {The game has been transposed to Zemish variation of
King's Indian Defence by 4...Bg7;} (4... c6 5. c4 Qb6 6. Nc3 Be7 7. Bd3 Nbd7 8.
Nge2 Nc5 9. Bc2 $16 {1/2-1/2 Oll,L-Rivas Pastor,M1992}) 5. Be3 {White tries to
prevent a trade of light-square bishop; Another variation is:} (5. c4 Nh5 6.
Be3 O-O {The attempt to change light- square bishop isn't successful here :} (
6... Bg5 7. Bf2 g6 8. g3 O-O 9. Nc3 a5 10. Be2 Na6 $2 (10... Ng7 11. h4 $14)
11. f4 $1 exf4 12. Bxh5 gxh5 13. Qxh5 $36) 7. Nc3 (7. Qd2 $5 h6 8. Nc3 Bg5 9.
g3 $1 Bxe3 10. Qxe3 Qg5 11. Qxg5 hxg5 12. Bh3 $14) 7... g6 (7... Bg5 8. Bf2 g6
$14) 8. Qd2 f5 (8... c5 9. dxc6 $6 (9. Bd3 $5) 9... bxc6 10. O-O-O Na6 11. Nge2
Qa5 12. Kb1 Qb4 13. Nc1 Qb7 14. Be2 Ng7 $132 {1/2-1/2 Kragelj,I-Nevednichy,
1992}) 9. exf5 gxf5 10. O-O-O {׻,/\f4,g4} Na6 11. Nge2 Kh8 12. f4 $36 {
1-0 Boensch,U-Duer,W1993}) 5... Nfd7 {[%cal Yd7f8,Yf8g6,Re7g5,Rg5e3] Black
intends to change light-square bishop ,as well as,another idea is to transfer
the knight to g6 thru f8;} (5... O-O 6. c4 (6. Qd2 c6 7. c4 b5 8. Nc3 b4 9. Nd1
a5 10. Nf2 Qc7 11. Rc1 Nbd7 12. Ne2 Ba6 13. Ng3 $16 {[%csl Rf5][%cal Rg3f5]
1-0 Kortschnoj,V-Nikolic,1989}) 6... c6 (6... Ne8 7. Bd3 f5 8. exf5 Bxf5 9. Ne2
Bh4+ 10. Ng3 $14 {Rustemov,A-Laszewicz,1997}) 7. Nc3 cxd5 (7... a6 8. Bd3 $5 (
8. Qd2 $6 b5 (8... cxd5 9. cxd5 Nbd7 10. Bd3 b5 11. Nge2 Nb6 12. b4 $6 (12. O-O
$5 $16) 12... Bd7 13. O-O Qb8 {Votava,J-Mokry, 1996}) (8... Ne8 9. O-O-O Nd7
10. Bd3 Nc5 11. Bc2 cxd5 12. cxd5 b5 13. Kb1 Bd7 14. b4 Na4 15. Nxa4 bxa4 16.
Ne2 $16 {1-0 Ernst,T-Eriksson,J 1993}) 9. Rd1 $6 (9. Bd3 $5) 9... b4 10. Nce2
a5 11. Ng3 Na6 12. N1e2 cxd5 13. cxd5 Bd7 14. Nc1 Qb8 15. Nb3 a4 16. Na5 $13 {
1/2-1/2 Sakaev,K-Svidler,P1995}) 8... b5 9. Nge2 bxc4 10. Bxc4 c5 11. Qd2 Ne8
12. O-O Nd7 13. Na4 Rb8 14. a3 h6 15. Rab1 Bg5 16. b4 $14 {Urban,K-Jansa, 1997}
) 8. cxd5 Nh5 $5 {[%cal Yh5f4]} (8... a6 9. Bd3 b5 10. Nge2 Nbd7 11. b4 Nb6 12.
a4 Nc4 13. Bxc4 bxc4 14. a5 Rb8 15. Rb1 $14 {Ivanov,M-Strikovic, 1996}) 9. g3
$5 {In their previous game Sakaev opted for other continuation and also
managed to win the game,} (9. Qd2 g6 10. Bd3 (10. O-O-O $5) 10... Nf4 11. Bc2
Nd7 12. g3 Nh5 13. Nge2 Ng7 14. O-O-O a6 15. Bh6 b5 16. h4 Nb6 17. Kb1 Bd7 18.
Rc1 Nc4 19. Qe1 Qb6 $13 {Sakaev,K-Nevednichy,1996}) 9... g6 {[%cal Yg3f4]} 10.
Qd2 f5 {Wihtout this move black can't get sufficient counterplay.} 11. exf5 $1
gxf5 12. O-O-O Bd7 (12... f4 $6 {[%csl Ge4]} 13. gxf4 $6 (13. Bf2 Bg5 $6 (13...
fxg3 $2 14. hxg3 Bg5 15. f4 exf4 16. Rxh5 $18 {[%csl Rg5]}) (13... Nd7) 14. g4
Ng7 15. h4 Be7 16. Bd3 $16)) 13. f4 Bf6 {Black doesn't want to play e4,
because it would give white a possibility to transfer g4 with very comfortable
advantage, on the other hand, may be it was still better option.} (13... e4 14.
Nge2 Nf6 15. Nd4 $14 {[%cal Gf1e2,Gh2h3,Gd1g1,Gg3g4]}) 14. Nf3 Kh8 (14... e4
15. Nd4 Re8 16. Rg1 Ng7 17. Be2 Na6 18. g4 $14) 15. Be2 Ng7 $16 {1-0 Sakaev,
K-Nevednichy, 2001}) (5... Nh5 $5 6. Qd2 (6. g3 $5 Bg5 7. Bf2 $14) 6... h6 7.
g3 Bg5 8. Bh3 Bxe3 9. Qxe3 $14 {1/2-1/2 Levitt,J-Collinson, 2001. White has
more space,but Black doesn't have weaknesses that give for him good chances
for the successful defence.}) 6. Nc3 Nf8 7. Qd2 h6 8. O-O-O {White doesn't
want to prevent the change dark -square bishop,because it would give black a
possibility to reach good counterplay by:} (8. g3 Bg5 9. f4 exf4 10. gxf4 Bh4+
11. Bf2 Ng6 12. Nf3 Bxf2+ 13. Kxf2 Bg4 $132) 8... Bg5 {[%mdl 36]} 9. g3 Bxe3
10. Qxe3 Nbd7 11. h4 $6 {White could play f3-f4 immediately without weakening
g4square:} (11. f4 Nf6 12. h3) 11... Nf6 12. f4 {[%csl Yg4][%cal Yc8g4,Yf6g4]}
Ng4 13. Qd2 Nh7 {[%cal Yh7f6]} 14. Nf3 a6 15. Bh3 h5 16. Bxg4 Bxg4 17. Rdf1 Qe7
{Black is trying to build up a fortress;} 18. fxe5 dxe5 19. Nd1 {[%cal Yd1e3,
Ye3c4,Ye3f5] White transfers knight for the more convenience squares,and opens
the way for c-pawn.} O-O-O 20. Ne3 Bd7 21. c4 Kb8 22. Qc3 Rhe8 {[%cal Ye7e5,
Ye8e7,Rf3e5,Rc3e5] Black brings a rook to the center.} 23. c5 {[%cal Yc5c6]}
Bc8 {Black defends against threat c5-c6} 24. Kb1 g6 {[%cal Yg6f5] Black
protects f5 square.} 25. Qb4 f5 26. Nc4 {[%csl Re5][%cal Yf3e5,Yc4e5]} Qg7 $8 (
26... fxe4 $4 27. Nfxe5 $18 {[%cal Ye5c6,Ye5g6,Yf1f7]}) 27. c6 {White tries to
destroy the pawn cover of Black king;} (27. d6 fxe4 28. Nfd2 e3 $132) 27...
fxe4 28. cxb7 Bf5 29. Ng5 Rxd5 $4 {[%mdl 8192] This tactical blunder leads to
the win of white;} (29... e3+ 30. Ka1 e2 31. Rc1 Nxg5 32. Na5 Rd6 33. hxg5 $14)
30. Qa4 $1 $18 c6 31. Qxa6 Qxb7 32. Qxb7+ Kxb7 33. Nxh7 {White has decisive
material advantage} Rd3 34. Re1 Red8 35. Ne3 (35. Ng5 $5 $18 {[%cal Yg5e4,
Ye1e4]}) 35... Rd2 36. Ng5 R8d3 37. Rhf1 $6 (37. Nf7 $1 $18 {[%cal Rf7e5,Re5c4]
}) 37... Rh2 38. Nxf5 (38. Ka1 Rdd2 39. Nc4 $5 $18) 38... gxf5 39. Rxf5 Rdd2
40. Ka1 (40. Nxe4 Rxb2+ 41. Kc1 Rxa2 42. Nc5+ Kb6 43. Nb3 Rac2+ 44. Kd1 Rb2
$132) 40... e3 41. Rff1 $2 {[%mdl 8192]} (41. Ne4 $1 Rxb2 42. Nc3 Rbc2 43. Rxe3
Rh1+ 44. Nb1 $18) 41... e2 42. Rg1 Rg2 $1 43. Rh1 (43. Rxg2 Rd1+ $19) 43... Rh2
1/2-1/2

[Event "EU-chT (Men) 13th"]
[Site "Leon"]
[Date "2001.11.13"]
[Round "7.3"]
[White "Hector, Jonny"]
[Black "Bauer, Christian"]
[Result "0-1"]
[WhiteElo "2528"]
[BlackElo "2576"]
[Annotator "Gofshtein,L"]
[PlyCount "80"]
[EventDate "2001.11.06"]
[EventType "team-swiss"]
[EventRounds "9"]
[EventCountry "ESP"]
[SourceTitle "CBM 086"]
[Source "ChessBase"]
[SourceDate "2002.02.05"]
[SourceVersion "1"]
[SourceVersionDate "2002.02.05"]
[SourceQuality "1"]
[WhiteTeam "Sweden"]
[BlackTeam "France"]
[WhiteTeamCountry "SWE"]
[BlackTeamCountry "FRA"]

1. e4 d6 2. d4 Nf6 3. Nc3 Nbd7 4. g4 $5 h6 5. Be3 {Other lines are:} (5. Nf3 e5
(5... Nxg4 $6 6. h3 $5 (6. Rg1 Nb6 7. d5 Bd7) 6... Ngf6 7. e5 Nh7 8. e6 Nb6 9.
d5 $36) 6. g5 hxg5 7. Nxg5 exd4 8. Qxd4 {with perspektive position for White,or
}) (5. g5 hxg5 6. Bxg5 e5 7. Qd2 $5 (7. Nf3 Be7 8. Qd2 c6 9. O-O-O Qa5 10. dxe5
dxe5 11. Nh4 Nc5 12. f3 g6 13. Bc4 Ne6 $132 {1/2-1/2 De Wit,M-Verduyn,BEL 2001}
) 7... c6 8. f4 Be7 (8... exd4 9. Qxd4 d5 10. e5 Bc5 11. Qd2 Bxg1 12. Rxg1 Qb6
13. exf6 gxf6 14. Rg2 fxg5 15. O-O-O $36) 9. Nf3 exf4 10. Rg1 Nh5 11. O-O-O
Ndf6 12. e5 dxe5 13. Nxe5 Be6 $44 {1-0 Vallin,G-Ivanov,M 2001}) (5. h3 $5 {
White tries to transform position to the same like in g2-g3 variation.} e5 6.
Nge2 c6 7. a4 Be7 8. Bg2 O-O 9. O-O Re8 10. Be3 Nh7 11. f4 exf4 12. Bxf4 $36 {
1-0 Shengelia,D-Chibukhchian,A2001}) (5. Bg2 {This variation is similar to the
previous one.} e5 6. h3 Be7 7. Nge2 c6 8. Ng3 g6 9. Be3 Qa5 10. Qd2 {1-0
Moncamp,G-Franc,N2001 White has an advantage in space.}) 5... e5 6. h3 ({
Black can get sufficient counterplay in this case.} 6. d5 Be7 7. f3 Nh7 8. Nge2
Ndf8 9. Ng3 Bg5 10. Qd2 Bxe3 11. Qxe3 Qg5 12. Qf2 Ng6 $132 {1-0 Tabak,
S-Verduyn,F 2001}) 6... c6 7. Nge2 (7. a4 $6 {Too slowly} d5 8. dxe5 Nxe4 9.
Nxe4 dxe4 10. Bd4 Bc5 11. Bg2 Bxd4 12. Qxd4 Qa5+ 13. b4 Qxe5 $15 {0-1
Lomineishvili,M-Gelashvili,T2001}) 7... b5 8. Bg2 (8. a3 Bb7 9. Ng3 a5 10. d5
b4 11. dxc6 Bxc6 12. Nd5 Qb8 13. a4 $14 {0-1 Dgebuadze,A-Belkhodja, 2001}) 8...
Bb7 9. a3 a5 10. d5 b4 11. dxc6 Bxc6 12. Nd5 Qb8 {This game has led to same
position like game mentioned above with different order moves;} 13. Qd2 (13. a4
$5) 13... bxa3 14. bxa3 Bxd5 15. exd5 Be7 16. O-O O-O 17. Ng3 Rc8 {#} 18. Bxh6
{[%mdl 512] This move is very risky; Simple 20.Nf5 gives White good play;} (18.
Nf5 $5) 18... gxh6 19. Qxh6 Rc4 $1 {[%csl Re4][%cal Yc4e4,Yb8f8][%mdl 256]
This move protects e4 and gives the possibility for black to bring his queen
to the kingside;} 20. Nf5 $6 {There was not too late to make a draw by:} (20.
Qg5+ Kh8 {another move is look very dangerous} (20... Kh7 21. Nf5 (21. Qh4+ Kg6
22. Be4+ Rxe4 23. Nxe4 Nxe4 24. Qxe7 Qe8 $17) 21... Qf8 22. f4 Rxf4 23. Rxf4
exf4 24. Qxf4 Ne5 25. g5 Nfd7 26. Qh4+ Kg8 27. Be4 $36) 21. Qh4+ Kg8 22. Qg5+
Kh8 $11) 20... Bf8 21. Qg5+ Kh8 22. Rfb1 Qa7 $17 {[%cal Ya7f2] White's attack
is finished,and Black begins a realization of his big advantage;} 23. Rb5 Rb8
24. Bf1 Rf4 25. Rxb8 Qxb8 26. Bd3 Nh7 $19 {The rest is easy for black} 27. Qh4
e4 28. Be2 Qb2 29. Re1 Ne5 30. Rd1 Qxc2 31. Nd4 Qb2 32. Qg3 Ng6 33. Qe3 Bh6 34.
Kf1 Bg5 35. Nb5 Bh4 36. Qd4+ Qxd4 37. Nxd4 Rxf2+ 38. Kg1 Ng5 39. Bf1 Nf4 40.
Kh1 Bg3 0-1

[Event "Lvov Cup of Galychina"]
[Site "Lvov"]
[Date "2001.12.24"]
[Round "7"]
[White "De Vreugt, Dennis"]
[Black "Firman, Nazar"]
[Result "1-0"]
[WhiteElo "2437"]
[BlackElo "2494"]
[Annotator "Gofshtein,L"]
[PlyCount "79"]
[EventDate "2001.12.18"]
[EventType "tourn"]
[EventRounds "11"]
[EventCountry "UKR"]
[EventCategory "11"]
[SourceTitle "CBM 087"]
[Source "ChessBase"]
[SourceDate "2002.03.21"]
[SourceVersion "1"]
[SourceVersionDate "2002.03.21"]
[SourceQuality "1"]

1. e4 d6 2. d4 Nf6 3. Nc3 g6 4. Be3 c6 5. Qd2 b5 6. Bd3 Nbd7 7. Nf3 e5 8. dxe5
dxe5 {8...Ne5 is worse:} (8... Nxe5 $6 9. Nxe5 dxe5 10. h3 a6 (10... Bb7 $2 11.
Nxb5 cxb5 12. Bxb5+ Nd7 13. O-O-O Bc8 14. Qd5 $18) (10... Bg7 11. a4 $16) 11.
Bh6 $5 (11. a4 $14)) 9. a4 {[%mdl 4] White has another move also here:} (9. h3
{Other moves were tried in this position.} Bb7 $1 {It turns out that the
"threatened"10.Bh6 inconveniences Black only momentarily:10...Bh611.Qh6 Ng8!
with the idea12.Qg7 Qf6=.} (9... a6 10. Bh6 (10. a4 Bb7 11. Bh6 (11. O-O Qe7 $6
(11... Bg7 $5) 12. axb5 cxb5 13. Nxb5 axb5 14. Rxa8+ Bxa8 15. Ra1 Qd8 16. Bxb5
$18 {1-0 Adams,M-Bisby,D/Hastings 1995/CBM 48 ext (26)}) 11... Qe7 12. O-O Bxh6
13. Qxh6 Qf8 14. Qe3 Qe7 15. Qh6 Qf8 16. Qe3 Qe7 17. Qh6 {1/2-1/2 Kindermann,
S-Ftacnik,L/Germany 1997/GER-chT (17)}) 10... Bxh6 11. Qxh6 Qe7 12. O-O Bb7 13.
Rfe1 Qf8 14. Qg5 h6 15. Qe3 Qe7 16. a4 Kf8 17. axb5 axb5 18. Rxa8+ Bxa8 19. Ne2
Kg7 {1/2-1/2 Rasik,V-Pribyl,J/Prague 1992/TD (28)}) (9... a5 10. a4 b4 11. Ne2
Qe7 12. O-O Nc5 13. Ng3 Bg7 14. Bh6 O-O 15. Rfe1 Nxd3 16. cxd3 c5 {1/2-1/2 Ye
Jiangchuan-Torre,E/Shenzhen 1992/CBM 31 (16)}) (9... Qe7 $5 10. O-O-O a6 11.
Rhe1 Bg7 12. Bh6 Bxh6 13. Qxh6 Bb7 14. Kb1 O-O-O 15. a3 Rhe8 16. Bf1 Nc5 $132 {
0-1 Tolnai,T-Ftacnik,L/Stara Zagora 1990/CBM 17 (46)}) (9... Bg7 $6 10. a4 b4
11. Ne2 a5 12. c3 $36) 10. O-O (10. a4 a6) (10. Bh6 Bxh6 11. Qxh6 Ng8 $5 $146 {
Chernin's analize} 12. Qg7 (12. Qe3 Ngf6) 12... Qf6 $11) 10... Bg7 11. a4 a6
12. Ne2 O-O 13. Bh6 (13. Ng3 Qe7 $146 (13... Qc7 14. Bh6 $2 {the beginning of
the wrong action} (14. c4 $142) 14... Rfe8 15. Nf5 $6 Bh8 $1 $15 {Kogan,A-Van
Wely,L/Heraklio op 1993/TD 93\09/0-1 (40)}) 14. c4 b4 (14... bxa4 15. c5 $1
Nxc5 16. Qb4 Nfd7 17. Rfc1 Rfd8 18. Rxc5 Nxc5 19. Bxc5 $16) 15. c5 $1 $14 {
1-0 Marciano,D-Leski,M/Narbonne 1997/CBM 61/ /+/- ()}) 13... Qe7 14. Ng3 Bxh6
15. Qxh6 Rfe8 16. Rfd1 Qf8 17. Qxf8+ Kxf8 $14 {1-0 Alvarez,R-Lopez Colon,F/
Mesa 1992/TD (61)}) (9. O-O Be7 $5 (9... Bb7 10. Rad1 a6 11. a4 b4 12. Ne2 Be7
13. Ng3 Ng4 14. Bc4 Nxe3 15. Qxe3 $36 {1-0 Richards,H-Stirling,B/London 2001/
EXT 2002 (21)}) 10. Bh6 Ng4 $132) 9... b4 10. Ne2 Ng4 $6 {After this" active"
move Black has troubles.Better was 10.Be7 with counterplay.} (10... Be7 $5 11.
Bh6 Ng4 $132) 11. Bg5 f6 12. Bh4 Qe7 13. a5 $5 {White prevents a7-a5 of black,
keeping b4 as a target;} Nc5 $6 {Too agressive,better was simple 13...Bg7} (
13... Bg7) 14. O-O $36 g5 (14... Rb8 $2 15. h3 Nh6 16. Nxe5 $1 $18) 15. Bg3 Qg7
16. Qxb4 Nxd3 17. Qa4 Nb4 18. c3 Ba6 (18... Qg6 19. cxb4 Qxe4 20. Nc3 Qc4 21.
b3 Qe6 22. h3 Nh6 23. Nd4 $40) (18... Qb7 $5 19. cxb4 Bxb4 20. Rfc1 Bd7) 19.
cxb4 Bb5 (19... Qb7 $5 20. Qc2 Bxb4 21. Rfd1 h5 22. h3 h4 $132) 20. Qc2 Bxb4
21. Rfd1 O-O 22. h3 Nh6 23. Ned4 $1 $16 {[%mdl 64] This strong move gives
White clear advantage} (23. Qb3+ Qf7 24. Qxb4 Bxe2 25. Rd6 Bxf3 26. gxf3 Rab8
$132) 23... Qf7 24. Nxb5 cxb5 25. Qc6 {weaknesses in the pawn structure of
black defines white's clear advantage} Rfc8 26. Qxb5 Rab8 27. Qa6 Bf8 28. b4
Rc4 (28... Bxb4 29. Nxe5 $18) 29. Bxe5 $1 $18 {[%mdl 64]} Rbc8 30. Qxf6 Qxf6
31. Bxf6 g4 32. hxg4 Nxg4 33. Bd4 a6 34. b5 $1 {White creates passed pawn.}
axb5 35. a6 Ra8 36. a7 Bc5 37. Ra5 Rc2 38. Rxb5 Nxf2 39. Rb8+ Kf7 40. Bxc5 1-0

[Event "Moscow Aeroflot op"]
[Site "Moscow"]
[Date "2002.02.06"]
[Round "3"]
[White "Zvjaginsev, Vadim"]
[Black "Markowski, Tomasz"]
[Result "0-1"]
[WhiteElo "2656"]
[BlackElo "2524"]
[Annotator "Gofshtein,L"]
[PlyCount "45"]
[EventDate "2002.02.04"]
[EventType "swiss"]
[EventRounds "9"]
[EventCountry "RUS"]
[SourceTitle "CBM 088"]
[Source "ChessBase"]
[SourceDate "2002.03.21"]
[SourceVersion "1"]
[SourceVersionDate "2002.03.21"]
[SourceQuality "1"]

1. Nf3 d6 2. d4 g6 3. e4 Bg7 4. Nc3 Nf6 5. g3 O-O 6. Bg2 Nbd7 7. O-O e5 8. a4 {
[%cal Ya4a5] White trying to capture more space on the queenside.} b6 $5 {
[%mdl 4] Curious move with idea after 9.a5 play9...Ba6 getting sufficient
counterplay.} (8... Re8 9. a5 exd4 (9... Rb8 10. Re1 c6 11. h3 Qc7 12. Be3 exd4
13. Nxd4 Nc5 14. f3 b6 $132 {1/2-1/2 Langeweg,K-Cobo Arteaga,E/Havana 1966/EXT
99 (56)}) 10. Nxd4 Nc5 11. Re1 a6 12. h3 Rb8 13. Rb1 Bd7 14. b4 Na4 15. Nxa4
Bxa4 16. Ra1 Bd7 $132 {1/2-1/2 Ivkov,B-Benko,P/Belgrade 1964/MCD (25)}) (8...
a5 9. dxe5 (9. h3 c6 10. Be3 Re8 11. dxe5 dxe5 12. Qd2 Bf8 13. Rfd1 Qc7 14. Ne1
Nb6 15. b3 Be6 16. Nd3 $14 {0-1 Sloth,J-Spassov,L/Dresden 1969/EXT 2001 (60)})
9... dxe5 10. b3 Re8 11. Ba3 b6 12. Qd2 $14 {1/2-1/2 Averbakh,Y-Vasiukov,E/
Kiev 1964/URS-ch (43)}) (8... exd4 9. Nxd4 Re8 10. h3 (10. a5 Nc5 11. Re1 Ng4
12. h3 Ne5 13. f4 Ned7 14. Be3 $14 {1-0 Langeweg,K-Vasiukov,E/Wijk aan Zee
1973/MCD (61)}) 10... Nc5 11. Re1 a5 12. Rb1 Bd7 13. b3 Ne6 14. Be3 Nc5 15. Bf4
Nh5 16. Be3 Nf6 $132 {1/2-1/2 Eising,J-Kestler,H/Kiel 1967/EXT 2001 (31)}) (
8... c6 9. a5 Re8 10. h3 Qc7 11. Re1 Nf8 12. Be3 Ne6 13. Re2 Bd7 $14 {0-1
Eising,J-Uhlmann,W/Solingen 1974/EXT 98 (37)}) 9. Re1 {Another way is:} (9. a5
Ba6 10. Re1 c6 11. h3 Qc7 12. axb6 axb6 $11 {0-1 Lytchak,A-Ibragimov,I/Berlin
1997/CBM 59 ext (36)}) 9... Bb7 {[%csl Re4][%cal Yb7e4,Yf6e4,Ye1e4,Yc3e4]
Developing the bishop and pressing to e4.} 10. a5 {[%cal Ya5a6]} a6 {The only
move preventing "a6".} 11. axb6 (11. d5 b5 $132 {[%cal Yc7c6]}) 11... cxb6 12.
d5 $6 {Responsible line defining the pawn structure.Another option is 12.b3.} (
12. b3 Qc7 13. Bb2 Rfe8 $11) 12... Rc8 {[%cal Yc8c2] Brinning their rook to
the "c"-file with pressure on white pieces.} 13. Nb1 $2 {Strange decision wich
problematic to explain.} Qc7 {[%cal Yc7c2] Strengthen the pressure on c-file.}
14. Na3 $6 {Worth to attention 14.c3.} (14. c3 $5) 14... b5 15. b3 {Still
better 15.c3} Nc5 {[%csl Re4][%cal Yc5e4,Yf6e4] Moving the pieces to active
positions.} 16. Nd2 Qa5 {Preventing "b4" and making bishop to move on "b2"
where he stands not so good.} (16... Qb6 17. b4 $5 Na4 18. c4 $14) 17. Bb2 Qb6
18. Qe2 {White has no creative plans and in the same time black developing
their initiative over the kingside.} Nfd7 {Preparing " f7-f5".} 19. Nf3 f5 {
[%csl Re4][%cal Yc5e4,Yf5e4]} 20. exf5 (20. Ng5 fxe4 $36 {[%cal Yf8f2]}) 20...
Rxf5 $5 {Black has clear advantage.} (20... e4 21. Nd4 (21. Bxg7 exf3 $17)
21... Bxd5 22. fxg6 hxg6 $13) 21. Nh4 Rf7 22. Bc1 $2 {Terrible mistake leading
to immediate loosing.} (22. Qe3 $15) 22... e4 $1 {[%cal Yg7a1] Opening their
bishop and winning the material.} 23. Be3 $19 {Another mistake probably
because of time trouble.Somewhat better could be 23.Rb1.After 23.Be3 Ba1 24.
Ra1 black has winning position.} 0-1